000 00505nam a2200181Ia 4500
003 GCL
008 140319s9999 xx 000 0 eng d
040 _aGCL /
_cGCL
082 0 4 _a650.03
_bO B
100 1 _aOXFORD UNIVERSITY PRESS
245 1 0 _aTHE OXFORD DICTIONARY FOR THE BUSINESS WORLD /
_cOXFORD UNIVERSITY PRESS
260 _a[S.N] :
_bOXFORD UNIVERSITY PRESS ،
_c1993
300 _a996P
650 0 4 _aDICTIONARIES
650 0 4 _aBUSINESS
650 0 4 _aBUSINESS INFORMATION
942 _2ddc
_cBK
999 _c11258
_d11258